Top 10 Ukrainian Football Transfer Records - Statistics

General Stats
  • This quiz has been taken 156 times
    65 since last reset
  • The average score is 8 of 10
Answer Stats
Rank Name Joined Left Season Fee % Correct
3 Andriy Shevchenko Chelsea FC AC Milan 06/07 €43.88m
97%
9 Andriy Shevchenko AC Milan Dynamo Kyiv 99/00 €23.91m
97%
1 Mykhaylo Mudryk Chelsea FC Shakhtar Donetsk 22/23 €70.00m
95%
4 Oleksandr Zinchenko Arsenal FC Manchester City 22/23 €35.00m
95%
6 Artem Dovbyk AS Roma Girona FC 24/25 €30.50m
84%
2 Ilya Zabarnyi Paris Saint-Germain AFC Bournemouth 25/26 €63.00m
81%
5 Ilya Zabarnyi AFC Bournemouth Dynamo Kyiv 22/23 €30.80m
81%
10 Vitaliy Mykolenko Everton FC Dynamo Kyiv 21/22 €23.50m
72%
7 Andriy Yarmolenko Borussia Dortmund Dynamo Kyiv 17/18 €25.00m
69%
8 Dmytro Chygrynskyi FC Barcelona Shakhtar Donetsk 09/10 €25.00m
16%
No matching quizzes found
Score Distribution
Percent of People with Each Score
Percentile by Number Answered
Your Score History
You have not taken this quiz since the last reset